Loading...
| Fine Arts - Auditory | 2 | 4 | 1 | 0 | 65 | 46 | 95.83 | 2 | 6 | 0.00 | 0.00 |
| Fine Arts - Visual | 0 | 4 | 1 | 0 | 35 | 85 | 101.25 | 1 | 2 | 0.00 | 0.00 |
| Other Arts: Auditory | 0 | 3 | 0 | 0 | 30 | 107 | 127.00 | 0 | 2 | 0.00 | 0.00 |
| Literature - European | 1 | 1 | 0 | 0 | 25 | 89 | 107.00 | 1 | 1 | 0.00 | 0.00 |
| Beliefs | 0 | 2 | 2 | 0 | 10 | 119 | 122.00 | 0 | 2 | 0.00 | 0.00 |
| 0 | 1 | 0 | 0 | 10 | 139 | 139.00 | 0 | 1 | 0.00 | 0.00 | |
| Literature - British | 0 | 1 | 0 | 1 | 10 | 110 | 110.00 | 0 | 1 | 0.00 | 0.00 |
| Other Arts: Visual | 0 | 1 | 0 | 1 | 10 | 127 | 127.00 | 0 | 1 | 0.00 | 0.00 |
| Other Science: Computer Science | 0 | 1 | 0 | 0 | 10 | 135 | 135.00 | 0 | 0 | 0.00 | 0.00 |